| 000 | 01238nam a2200313Ia 4500 | ||
|---|---|---|---|
| 001 | E9363 | ||
| 003 | IT-RoPAU | ||
| 008 | 130308s9999 xx 000 0 und d | ||
| 040 | _aIT-RoPAU | ||
| 040 | _cIT-RoPAU | ||
| 041 | _aITALIANO | ||
| 100 | _aBrass Tinto | ||
| 100 | _gCodice Aut. SPICS: 8843 | ||
| 245 | _aMonella | ||
| 245 | _bMonella | ||
| 250 | _a1a ed. | ||
| 260 | _aVENEZIA | ||
| 260 | _bMarsilio | ||
| 260 | _c1998 [1° Ed.:1998 - Ed.Ling.Originale:1998] | ||
| 300 | _a"270 p. (prefazione: no ; testo: 270)" | ||
| 500 | _aStoria di una iniziazione Amorosa in un Libro che Raccoglie la sceneggiatura Originale e Appunti di Lavorazione del Nuovo Film di un maestro dell'Eros: Tinto Brass. vicenda Piccante e Giocosa in Cui L'Eros si Manifesta Come una forza Sana, Piena di Vita, Perfettamente Rappresentata Dalla Figura di Lola. Lorenzo Codelli nelle interviste Ai protagonisti Disegna un ritratto a tutto tondo delle Loro Personalità, Soprattutto di Anna Ammirati, la Piu' Recente Scoperta di Tinto Brass. | ||
| 650 | _aAUTORI/OPERE DEL CINEMA | ||
| 650 | _eCodice materia Spics: 6807 | ||
| 700 | _aCodelli Lorenzo | ||
| 700 | _gCodice Aut. SPICS: 20375 | ||
| 942 | _cBK | ||
| 957 | _71 | ||
| 999 |
_c93088 _d93088 |
||
| 999 | _g1 | ||